000 00706nam a2200229Ia 4500
003 OSt
005 20220923230223.0
006 a|||||r|||| 00| 0
007 ta
008 220922b |||||||| |||| 00| 0 pan d
024 _a278,455
037 _cTextual
040 _aARTS
_cARTS
_bpan
041 _2pan
_apan
082 _aO153,3:g, M6
100 _aਨਹਿਰੂ, ਜੁਗਿੰਦਰ ਸਿੰਘ
_9156370
245 0 _aਪ੍ਰਗਤੀਵਾਦ ਅਤੇ ਪੰਜਾਬੀ ਨਾਵਲ
260 _c1986
650 _aਪੰਜਾਬੀ ਸਾਹਿਤ
942 _hO153,3:g, M6
_cTEXL
_2CC
999 _c383330
_d383330